| 000 | 00494nam a2200181Ia 4500 | ||
|---|---|---|---|
| 999 |
_c7954 _d7954 |
||
| 003 | OSt | ||
| 005 | 20200123135050.0 | ||
| 008 | 190216s9999||||xx |||||||||||||| ||und|| | ||
| 020 | _a9788120344204 | ||
| 040 | _coclc | ||
| 082 |
_a651.7 _bKON/C |
||
| 100 | 1 |
_aKonar, Nira _91476 |
|
| 245 | 0 |
_aCommunication Skills For Professionals / _cKonar, Nira |
|
| 250 | _a2nd Edn | ||
| 260 |
_bPHI Learning _c2009 |
||
| 300 | _a204p | ||
| 942 |
_cBK _2ddc _h651.7 _iKON/C _k651.7 _mKON/C |
||